00356 2200133 4500001002100000008004100021035002000062245005600082100002200138260002600160300001300186084001400199990000900213INLIS000000000003967 Ind  a0010-0723000452 aKumpulan Cerita Rakyat NusantaracMB. Rahimsyah. AR aAR, MB. Rahimsyah bPustaka Agung Harapan a128 hlm. a006 KUM m a4053